قضاء المخدرات : (Record no. 62481)
[ view plain ]
| 000 -LEADER | |
|---|---|
| fixed length control field | 01789nam a2200337 i 4500 |
| 003 - CONTROL NUMBER IDENTIFIER | |
| control field | EG-GICUC |
| 005 - DATE AND TIME OF LATEST TRANSACTION | |
| control field | 20260210184351.0 |
| 008 - FIXED-LENGTH DATA ELEMENTS--GENERAL INFORMATION | |
| fixed length control field | 260210s1990 ua ||||fr|||| 00| 0 ara d |
| 040 ## - CATALOGING SOURCE | |
| Original cataloging agency | EG-GICUC |
| Language of cataloging | ara |
| Transcribing agency | EG-GICUC |
| Modifying agency | EG-GICUC |
| Description conventions | rda |
| 041 0# - LANGUAGE CODE | |
| Language code of text/sound track or separate title | ara |
| 082 04 - DEWEY DECIMAL CLASSIFICATION NUMBER | |
| Classification number | 343.421 |
| Item number | ا ل . ق |
| Edition number | 21 |
| 092 04 - LOCALLY ASSIGNED DEWEY CALL NUMBER (OCLC) | |
| Edition number | 21 |
| 099 ## - LOCAL FREE-TEXT CALL NUMBER (OCLC) | |
| Classification number | Law1 10 343.421 ا ل . ق 3 ed - 1990 1006184 |
| 100 0# - MAIN ENTRY--PERSONAL NAME | |
| Personal name | السيد خلف محمد |
| Relator term | مؤلف. |
| 245 10 - TITLE STATEMENT | |
| Title | قضاء المخدرات : |
| Remainder of title | وقواعد الضبط والتفتيش وتسبيب الأحكام / |
| Statement of responsibility, etc. | السيد خلف محمد. |
| 250 ## - EDITION STATEMENT | |
| Edition statement | الطبعة الثالثة، |
| 264 #3 - PRODUCTION, PUBLICATION, DISTRIBUTION, MANUFACTURE, AND COPYRIGHT NOTICE | |
| Place of production, publication, distribution, manufacture | القاهرة : |
| Name of producer, publisher, distributor, manufacturer | دار الطباعة الحديثة، |
| Date of production, publication, distribution, manufacture, or copyright notice | 1990. |
| 300 ## - PHYSICAL DESCRIPTION | |
| Extent | 618 صفحة ؛ |
| Dimensions | 24 سم. |
| Other physical details | إيضاحيات، صور، مثيليات ؛ |
| 336 ## - CONTENT TYPE | |
| Source | rda content |
| Content type term | text |
| 337 ## - MEDIA TYPE | |
| Source | rda media |
| Media type term | Computer |
| 338 ## - CARRIER TYPE | |
| Source | rda carrier |
| Carrier type term | Online Resource |
| 500 ## - GENERAL NOTE | |
| General note | يضمن التعليق على نصوص قانون المخدرات المعدل بالقانون الجديد رقم 122 لسنة 1989 بالمقارنة بأحكام الشريعة الإسلامية، وقواعد الضبط والتفتيش والتلبس وبطلان التفتش وأثره، وتسبيب الأحكام في جرائم المخدرات والعيوب التي تشوبها في ضوء الفقه وأحكام النقض حتی نهاية مايو سنة ۱۹89. |
| 504 ## - BIBLIOGRAPHY, ETC. NOTE | |
| Bibliography, etc. note | يشتمل على ارجاعات ببليوجرافية. |
| 546 ## - LANGUAGE NOTE | |
| Language note | النص باللغة العربية |
| 650 14 - SUBJECT ADDED ENTRY--TOPICAL TERM | |
| Topical term or geographic name entry element | التشريعات المتعلقة بالمخدرات |
| Source of heading or term | qrmak |
| 650 14 - SUBJECT ADDED ENTRY--TOPICAL TERM | |
| Topical term or geographic name entry element | القانون الجنائي |
| Source of heading or term | qrmak |
| 651 1# - SUBJECT ADDED ENTRY--GEOGRAPHIC NAME | |
| Source of heading or term | qrmak |
| 856 40 - ELECTRONIC LOCATION AND ACCESS | |
| Uniform Resource Identifier | <a href="https://fll.law.cu.edu.eg/fulltext/bks/B10-06184.pdf">https://fll.law.cu.edu.eg/fulltext/bks/B10-06184.pdf</a> |
| 905 ## - Cataloger and Reviser Names | |
| Cataloger Name: | Ramy |
| 942 ## - ADDED ENTRY ELEMENTS (KOHA) | |
| Source of classification or shelving scheme | Dewey Decimal Classification |
| Koha item type | Books |
| Edition | 21 |
| Suppress in OPAC | No |
| Withdrawn status | Lost status | Source of classification or shelving scheme | Damaged status | Not for loan | Collection | Home library | Current library | Date acquired | Total checkouts | Full call number | Barcode | Date last seen | Copy number | Price effective from | Koha item type |
|---|---|---|---|---|---|---|---|---|---|---|---|---|---|---|---|
| Dewey Decimal Classification | Not for loan | القانون الجنائي | جــــامعة القــاهرة | مكتبة كلية الحقوق - المبنى الرئيسي | 10.02.2026 | Law1 10 343.421 ا ل . ق 3 ed - 1990 1006184 C1 | B10-06184 | 10.02.2026 | 1 | 10.02.2026 | Books | ||||
| Dewey Decimal Classification | القانون الجنائي | جــــامعة القــاهرة | مكتبة كلية الحقوق - المبنى الرئيسي | 10.02.2026 | Law1 10 343.421 ا ل . ق 3 ed - 1990 1006185 C2 | B10-06185 | 10.02.2026 | 2 | 10.02.2026 | Books |